<?xml version="1.0" encoding="UTF-8"?>
<record
    xmlns:xsi="http://www.w3.org/2001/XMLSchema-instance"
    xsi:schemaLocation="http://www.loc.gov/MARC21/slim http://www.loc.gov/standards/marcxml/schema/MARC21slim.xsd"
    xmlns="http://www.loc.gov/MARC21/slim">

  <leader>00956nam a2200277 c 4500</leader>
  <controlfield tag="001">a5523142</controlfield>
  <controlfield tag="003">CO-ViMGA</controlfield>
  <controlfield tag="005">20230915233138.0</controlfield>
  <controlfield tag="008">140808s2014    sp a   | |||| 000 f spa  </controlfield>
  <datafield tag="020" ind1=" " ind2=" ">
    <subfield code="a">9788415601562</subfield>
  </datafield>
  <datafield tag="040" ind1=" " ind2=" ">
    <subfield code="a">CO-ViMGA</subfield>
    <subfield code="b">spa</subfield>
    <subfield code="c">CO-ViMGA</subfield>
  </datafield>
  <datafield tag="041" ind1="1" ind2=" ">
    <subfield code="h">eng</subfield>
  </datafield>
  <datafield tag="082" ind1="0" ind2="4">
    <subfield code="a">823.91 </subfield>
    <subfield code="b">C17c5</subfield>
  </datafield>
  <datafield tag="100" ind1="1" ind2=" ">
    <subfield code="a">Carter, Angela</subfield>
    <subfield code="d">1940-1992</subfield>
    <subfield code="4">aut</subfield>
    <subfield code="9">4013</subfield>
  </datafield>
  <datafield tag="240" ind1="1" ind2="4">
    <subfield code="a">The bloody chamber</subfield>
    <subfield code="l">Espa&#xF1;ol</subfield>
  </datafield>
  <datafield tag="245" ind1="1" ind2="3">
    <subfield code="a">La camara sangrienta</subfield>
    <subfield code="c">Angela Carter ; ilustraciones de Alejandra Acosta ; traduccion de Jess&#x360; Gm&#x324;ez Guti&#x159;rez</subfield>
  </datafield>
  <datafield tag="260" ind1=" " ind2=" ">
    <subfield code="a">Mexico D.F. ;</subfield>
    <subfield code="a">Madrid</subfield>
    <subfield code="b">Sexto Piso</subfield>
    <subfield code="c">2014</subfield>
  </datafield>
  <datafield tag="300" ind1=" " ind2=" ">
    <subfield code="a">178 p.</subfield>
    <subfield code="b">il.</subfield>
    <subfield code="c">24 cm</subfield>
  </datafield>
  <datafield tag="490" ind1="0" ind2=" ">
    <subfield code="a">Sexto Piso ilustrado</subfield>
  </datafield>
  <datafield tag="650" ind1="1" ind2="4">
    <subfield code="a">Cuentos de ciencia ficcion ingleses</subfield>
    <subfield code="9">4015</subfield>
  </datafield>
  <datafield tag="650" ind1="1" ind2="4">
    <subfield code="a">Cuentos ingleses</subfield>
    <subfield code="9">3054</subfield>
  </datafield>
  <datafield tag="650" ind1="1" ind2="4">
    <subfield code="a">Violencia</subfield>
    <subfield code="v">Cuentos</subfield>
    <subfield code="9">4014</subfield>
  </datafield>
  <datafield tag="700" ind1="1" ind2=" ">
    <subfield code="a">Acosta, Alejandra</subfield>
    <subfield code="d">1975-</subfield>
    <subfield code="e">ilustrador</subfield>
    <subfield code="4">ill</subfield>
    <subfield code="9">4016</subfield>
  </datafield>
  <datafield tag="700" ind1="1" ind2=" ">
    <subfield code="a">Gm&#x324;ez Guti&#x159;rez, Jess&#x360;</subfield>
    <subfield code="c">(traductor)</subfield>
    <subfield code="e">traductor</subfield>
    <subfield code="4">trl</subfield>
    <subfield code="9">4017</subfield>
  </datafield>
  <datafield tag="942" ind1=" " ind2=" ">
    <subfield code="2">ddc</subfield>
    <subfield code="c">BK</subfield>
  </datafield>
  <datafield tag="999" ind1=" " ind2=" ">
    <subfield code="c">35649</subfield>
    <subfield code="d">35649</subfield>
  </datafield>
  <datafield tag="952" ind1=" " ind2=" ">
    <subfield code="0">1</subfield>
    <subfield code="1">0</subfield>
    <subfield code="2">ddc</subfield>
    <subfield code="4">4</subfield>
    <subfield code="7">0</subfield>
    <subfield code="8">003</subfield>
    <subfield code="a">MEVIECAR</subfield>
    <subfield code="b">MEVIECAR</subfield>
    <subfield code="d">2016-08-23</subfield>
    <subfield code="l">1</subfield>
    <subfield code="o">823.91 C17c5</subfield>
    <subfield code="p">30804</subfield>
    <subfield code="r">2018-02-22 00:00:00</subfield>
    <subfield code="s">2017-03-17</subfield>
    <subfield code="t">Ej. 1</subfield>
    <subfield code="w">2016-08-23</subfield>
    <subfield code="y">BK</subfield>
  </datafield>
</record>
